000 00419nam a2200181Ia 4500
001 7381
005 20260306160451.0
008 260306t2009||||xx |||||||||||||| ||spa||
041 _aESP
082 _a338.9
_bB22
100 _aBanco Mundial
_eAUT
245 0 _aUna nueva geografía económica
260 _c2009
300 _a366 páginas :
_c27 cm.
650 _aGEN
654 _aCAN
942 _cLIB
_dJUS
_fJUS
_2ddc
_n
999 _c7381
_d7381